PRIDE FC Fighters - Statistics

General Stats
  • This quiz has been taken 2 times
  • The average score is 43 of 150
Answer Stats
Hint Answer % Correct
The Grim Reaper Aleksander Emelianenko
50%
Demolition Man Alistair Overeem
50%
the Spider Anderson Silva
50%
Minotauro Antonio Rodrigo Nogueira
50%
Minotouro Antonio Rogerio Nogeuira
50%
N/A Assuerio Silva
50%
N/A Bobby Southworth
50%
The Beast Bob Sapp
50%
The Ronin Carlos Newton
50%
Crazy Horse Charles Bennett
50%
The Iceman Chuck Liddell
50%
La Giant Corey Peterson
50%
The Bull Dan Bobish
50%
Hendo Dan Henderson
50%
N/A Daniel Gracie
50%
The Beast Dan Severn
50%
Tank David Abbott
50%
The Predator Don Frye
50%
N/A Egan Inoue
50%
Yamato Damashi Enson Inoue
50%
Butterbean Eric Esch
50%
Heavy Metal Eun Soo Lee
50%
Vai Cavalo Fabricio Werdum
50%
The Last Emperor Fedor Emelianenko
50%
Twinke Toes Frank Trigg
50%
Big Daddy Gary Goodridge
50%
The Dreamcatcher Gegard Mousasi
50%
Hurricane Gilbert Yvel
50%
N/A Guy Mezger
50%
Mach Hayato Sakurai
50%
Texas Crazy Horse Heath Herring
50%
N/A Hidehiko Yoshida
50%
Ice Cold Igor Vovchanchyn
50%
Minowaman Ikuhisa Minowa
50%
Colossus James Thompson
50%
The Snowman Jeff Monson
50%
Lil Evil Jens Pulver
50%
Geronimo Jerome Le Banner
50%
Warmaster Josh Barnett
50%
Yoshiki Kazuo Takahashi
50%
The Gracie Hunter Kazushi Sakuraba
50%
Ol Iron Head Kazuyuki Fujita
50%
Worlds Most Dangerous Man Ken Shamrock
50%
The Monster Kevin Randleman
50%
N/A Kimo Leopoldo
50%
King of the Streets Marco Ruas
50%
The Hammer Mark Coleman
50%
Super Samoan Mark Hunt
50%
Smashing Machine Mark Kerr
50%
Mo Maurice Smith
50%
Shogun Mauricio Rua
50%
Cro Cop Mirko Filipovic
50%
Bust A Move Murilo Bustamante
50%
Ninja Murilo Rua
50%
N/A Nick Diaz
50%
Russian Bear Oleg Taktarov
50%
Giant Silva Paulo Cesar Da Silva
50%
The Rock Pedro Rizzo
50%
The New York Bad Ass Phil Baroni
50%
Rampage Quinton Jackson
50%
N/A Ralph Gracie
50%
African Assassin Rameau Thierry Sokoudjou
50%
N/A Renzo Gracie
50%
The Tiger Ricardo Arona
50%
The Mutant Ricardo Morais
50%
Suave Ricco Rodriguez
50%
N/A Rickson Gracie
50%
Ruthless Robbie Lawler
50%
N/A Rodrigo Gracie
50%
H2O Ron Waterman
50%
N/A Royce Gracie
50%
N/A Royler Gracie
50%
N/A Ryan Gracie
50%
Piranha Ryo Chonan
50%
Muscle Shark Sean Sherk
50%
Hightower Semmy Schilt
50%
The Paratrooper Sergei Kharitonov
50%
N/A Shinya Aoki
50%
Fireball Kid Takanori Gomi
50%
Trauma Tra Telligman
50%
The Python Valentijn Overeem
50%
The Phenom Vitor Belfort
50%
N/A Wallid Ismail
50%
Axe Murderer Wanderlei Silva
50%
Thunder Yushin Okami
50%
N/A Aaron Riley
0%
N/A Akihiro Gono
0%
El Toro Alex Andrade
0%
The Brazillian Killa Alex Stiebling
0%
N/A Allan Goes
0%
N/A Amar Suloev
0%
N/A Andrei Kopylov
0%
White Shark Andrei Semenov
0%
Mad Dog Anthony Macias
0%
Volk Bazigit Atajev
0%
Dirty Bob Bob Schrijber
0%
Funky Brady Fink
0%
Carlao Carlos Barreto
0%
The Heavy Tank of Busan Choi Mu-Bae
0%
The Westside Strangler Chris Brennan
0%
N/A Daijiro Matsui
0%
N/A Daisuke Nakamura
0%
the Machine Dean Lister
0%
N/A Denis Kang
0%
N/A Emmanuel Yarborough
0%
Mr. Perfect Ernesto Hoost
0%
N/A Fabio Mello
0%
Turkish Terror Faith Kocamis
0%
Giant Gan McGee
0%
N/A Gilbert Melendez
0%
N/A Hector Lombard
0%
Sentoryu Henri Henry Armstrong Miller
0%
N/A Hiromitsu kanehara
0%
Psycho Jason Suttie
0%
N/A Jeremy Horn
0%
Hellboy Joachim Hansen
0%
N/A Joe Son
0%
Dreamsmasher Joey Villasenor
0%
The Natural John Alessio
0%
Big John John Dixson
0%
N/A Josh Thomson
0%
N/A Kazuhiro Nakamura
0%
N/A Kazuo Misaki
0%
N/A Kenichi Yamamoto
0%
N/A Kiyoshi Tamura
0%
The Tornado Lloyd Van Dams
0%
N/A Mac Danzig
0%
Twin Tiger Mal Foki
0%
Zen Machine Mario Sperry
0%
N/A Masaaki Satake
0%
Twin Tiger Matt Foki
0%
N/A Mike Russow
0%
N/A Nathan Jones
0%
N/A Nobuhiko Takada
0%
Paulao Paulo Filho
0%
The Pedro Pedro Otavio
0%
Cachorrao Ricardo Almeida
0%
Russian Hammer Roman Zenstov
0%
Slyman Rony Sefo
0%
N/A Rulon Gardner
0%
The Cannon Shannon Rich
0%
Blitz Stefan Leko
0%
Crusher Tatsuya kawajiri
0%
Tiger Vernon White
0%
Zuluzinho Wagner Da Conceicao Martins
0%
Mr. 200% Yoji Anjo
0%
N/A Yoshihiro Takyama
0%
N/A Yuki Kondo
0%
N/A Yves Edwards
0%
No matching quizzes found
Score Distribution
Percent of People with Each Score
Percentile by Number Answered
Your Score History
You have not taken this quiz